Didactique des mathématiques: une présentation de la didactique en vue de la formation des enseignants
Guardat en:
| Autor principal: | |
|---|---|
| Format: | Llibre |
| Idioma: | francès |
| Publicat: |
París
Universitaires Franc-Comtoises
2003
|
| Col·lecció: | IREM de Besancon
|
| Matèries: | |
| Etiquetes: |
Afegir etiqueta
Sense etiquetes, Sigues el primer a etiquetar aquest registre!
|
MARC
| LEADER | 00000nam a2200000 a 4500 | ||
|---|---|---|---|
| 001 | UCL2910 | ||
| 003 | CL-VaPUC | ||
| 008 | 031107e20030000FR |||||||||||||||||fre|d | ||
| 020 | |a 2848670096 | ||
| 082 | 0 | 4 | |a 372.7 |b HEN |2 21 |
| 100 | 0 | |a Henry, Michel |e author |9 348624 | |
| 245 | 1 | 0 | |a Didactique des mathématiques: une présentation de la didactique en vue de la formation des enseignants |
| 300 | |a 90 p | ||
| 942 | |c BK | ||
| 945 | |d 20031107 00:00:00 |a cmena | ||
| 260 | |a París |b Universitaires Franc-Comtoises |c 2003 | ||
| 650 | 0 | |a Matemáticas |x Enseñanza |9 875527 | |
| 650 | 0 | |a Matemática |9 260235 | |
| 650 | 0 | |a Formación profesional de profesores |9 307493 | |
| 650 | 0 | |a Métodos de enseñanza |9 270413 | |
| 583 | |a last modification |c 20031107 00:00:00 |k Rodrigo Vera | ||
| 490 | 0 | |a IREM de Besancon | |
| 999 | |c 306077 |d 306075 | ||
| 952 | |0 0 |1 0 |4 0 |6 372_700000000000000_HEN_2003 |7 0 |8 A |9 370792 |a BIBMAT |b BIBMAT |c E_DIDACT |d 2019-11-21 |i 3960838 |o 372.7 HEN 2003 |p 3960838 |r 2025-01-07 |w 2019-11-21 |y BK |k MAT | ||